Introduction to business statistics / (Record no. 43555)

MARC details
000 -LEADER
campo de control de longitud fija 01445cam a2200397 a 4500
001 - NÚMERO DE CONTROL
campo de control 102387
005 - FECHA Y HORA DE LA ÚLTIMA TRANSACCIÓN
campo de control 20230410115545.0
008 - DATOS DE LONGITUD FIJA--INFORMACIÓN GENERAL
campo de control de longitud fija 091209s2011 at a b 001 0 eng
010 ## - NÚMERO DE CONTROL DE LA BIBLIOTECA DEL CONGRESO
Número de control de LC 2009943073
035 ## - NÚMERO DE CONTROL DEL SISTEMA
Número de control de sistema (OCoLC)ocn657079060
040 ## - FUENTE DE CATALOGACIÓN
Centro catalogador/agencia de origen DLC
Centro/agencia transcriptor DLC
Centro/agencia modificador YDXCP
-- CDX
-- Y8N
020 ## - NÚMERO INTERNACIONAL ESTÁNDAR DEL LIBRO
Número Internacional Estándar del Libro 9780538452175
020 ## - NÚMERO INTERNACIONAL ESTÁNDAR DEL LIBRO
Número Internacional Estándar del Libro 053845217X
020 ## - NÚMERO INTERNACIONAL ESTÁNDAR DEL LIBRO
Número Internacional Estándar del Libro 9781111058852 (IE)
020 ## - NÚMERO INTERNACIONAL ESTÁNDAR DEL LIBRO
Número Internacional Estándar del Libro 1111058857 (IE)
029 1# - OTRO NÚMERO DE CONTROL DE SISTEMA (OCLC)
Identificador de la biblioteca OCLC AU@
Número de control de sistema 000045973281
029 1# - OTRO NÚMERO DE CONTROL DE SISTEMA (OCLC)
Identificador de la biblioteca OCLC NZ1
Número de control de sistema 13530466
035 ## - NÚMERO DE CONTROL DEL SISTEMA
Número de control de sistema (OCoLC)657079060
050 14 - SIGNATURA TOPOGRÁFICA DE LA BIBLIOTECA DEL CONGRESO
Número de clasificación HF 1017
Número de ítem W418i 2011
100 1# - ENTRADA PRINCIPAL--NOMBRE DE PERSONA
Nombre de persona Weiers, Ronald M.
245 10 - MENCIÓN DEL TÍTULO
Título Introduction to business statistics /
Mención de responsabilidad, etc. Ronald M. Weiers ; with business cases by J. Brian Gray, Lawrence H. Peters.
250 ## - MENCION DE EDICION
Mención de edición 7th ed.
260 ## - PUBLICACIÓN, DISTRIBUCIÓN, ETC.
Lugar de publicación, distribución, etc. Australia ;
-- Mason, OH :
Nombre del editor, distribuidor, etc. South-Western Cengage Learning,
Fecha de publicación, distribución, etc. 2011.
300 ## - DESCRIPCIÓN FÍSICA
Extensión xxii, 806 p. :
Otras características físicas col. ill. ;
Dimensiones 26 cm.
500 ## - NOTA GENERAL
Nota general Accompanied by: Envelope to access the premium online content for this textbook at www.cengage.com/login; the unique access code can be found on the back of the card inside the envelope.
504 ## - NOTA DE BIBLIOGRAFÍA, ETC.
Nota de bibliografía, etc. Includes bibliographical references and index.
650 #0 - PUNTO DE ACCESO ADICIONAL DE MATERIA--TÉRMINO DE MATERIA
Término de materia o nombre geográfico como elemento de entrada Commercial statistics.
650 #4 - PUNTO DE ACCESO ADICIONAL DE MATERIA--TÉRMINO DE MATERIA
Término de materia o nombre geográfico como elemento de entrada Las Estadisticas Comerciales.
700 1# - ENTRADA AGREGADA--NOMBRE PERSONAL
Nombre de persona Gray, J. Brian.
700 1# - ENTRADA AGREGADA--NOMBRE PERSONAL
Nombre de persona Peters, Lawrence H.
938 ## -
-- YBP Library Services
-- YANK
-- 3425893
938 ## -
-- Coutts Information Services
-- COUT
-- 13930590
942 ## - ELEMENTOS DE ENTRADA SECUNDARIOS (KOHA)
Fuente del sistema de clasificación o colocación Clasificación de Library of Congress
Tipo de ítem Koha
946 ## - PROCESAMIENTO DE INFORMACIÓN LOCAL (OCLC)
a INF
994 ## -
-- C0
-- DRFGD
Holdings
Estatus retirado Estado de pérdida Fuente del sistema de clasificación o colocación Estado de daño No para préstamo Colección Biblioteca de origen Biblioteca actual Ubicación en estantería Fecha de adquisición Serial enumeration / chronology Signatura topográfica completa Código de barras Visto por última vez Copia número Tipo de ítem Koha
    Clasificación de Library of Congress     Ciencias Sociales Biblioteca Juan Bosch Biblioteca Juan Bosch Ciencias Sociales (3er. Piso) 10/04/2023 1 HF 1017 W418i 2011 00000094563 24/10/2018 1